000 00962cam a2200241 4500
001 D8396
008 090401t1979 xxu||||| |||| 00| 0 eng d
035 _a(Sirsi) u12691
041 _aeng
050 _a692.3
110 _aRoyal Institution of Chartered Surveyors
_94900
245 _aCode of measuring practice: a guide for surveyors and valuers.
260 _aLondon
_bRICS ISVA
_c1979
300 _a11p. ; 30cm
350 _a0
520 _aSUPERSEDED: Replaced by 2nd edition 1987. Shelved at Reserve collection shelf 317. Two copies are photocopies.
650 _aRICS CODE OF MEASURING PRACTICE
650 _aMeasurement
_96256
710 _aIncorporated Society of Valuers and Auctioneers
_91201
856 _uhttps://www.isurv.com/downloads/file/6864/archive_code_of_measuring_practice_1st_edition_including_1981_amendment_march_1979%E2%80%93january_1987
_zAvailable on isurv (subscription required)
942 _n0
_2ddc
948 _c04/03/1997
999 _c87024
_d87024